| 000 | 00801nam0a22002771 4500 | ||
|---|---|---|---|
| 001 | RU\NLR\INFOCOMM18\ROSSICA\1000007814 | ||
| 005 | 20250613185825.0 | ||
| 035 | _a(NLR Aleph) 009898213 | ||
| 090 |
_a10555963 _c10555963 |
||
| 100 | _a20030609d1856 |||y0rusy50 ca | ||
| 101 | 1 |
_ager _crus |
|
| 102 | _aRU | ||
| 105 | _ay ||||000ay | ||
| 200 | 1 |
_aLebensfragen _fNic. Pirogoff _gAus dem Russischen übersetzt von Th. Grohmann |
|
| 210 |
_aSt.Petersburg _d1856 |
||
| 215 | _d8° | ||
| 700 | 1 |
_9z01790 _aPirogov _bN.I. _f1810-1881 _gNikolaj Ivanovič _4070 |
|
| 702 | 1 |
_aGrohmann _bTh. _4730 |
|
| 790 | 1 |
_9z01700 _aPirogoff _bN. _gNic. _4070 |
|
| 801 | 1 |
_aRU _bInfoComm _c20030609 |
|
| 801 | 0 |
_aRU _bNLR _gPSBO |
|
| 852 |
_aNLR _j13.8.2.1335 |
||
| 942 | _cBOOK | ||
| 980 | _aNB | ||
| 980 | _aRossica | ||